000 01152nam a22003137a 4500
003 CHAP
005 20220817041904.0
008 971013s r 00010 d
010 _a27824
011 _a28796
035 _a32907
040 _cCHAP
090 _aR-2348
100 0 0 _aKinloch, Bonun B.
_963307
245 _aMechanisms and inheritance of rust resistance in conifers
500 _aSobretiro de : International workshop on the genetics of host-parasite interactions in forestry (3 : 1982 : Wageningen) Resistance on diseases and pest in forest trees : proceedings. pp. 119-129
590 _aBATCH-UPD
_b10
_c20130110
_lUCH01
_h0047
590 _aBATCH-UPD
_b10
_c20130110
_lUCH01
_h1800
590 _aBATCH-UPD
_b10
_c20130409
_lUCH01
_h2033
590 _aBATCH-UPD
_b10
_c20130410
_lUCH01
_h1136
590 _aBATCH-UPD
_b10
_c20130914
_lUCH01
_h1034
590 _aCONVERSION
_b10
_c20130109
_lUCH01
_h1316
650 1 4 _aÁrboles
_xVariedades resistentes a enfermedades.
_96656
650 1 4 _aConíferas.
650 1 4 _aRoya de las coníferas.
_9100378
901 _aBK
942 _cFOLL
949 _aR-2348
_bBC
_cR
_d-76631
_eTS2
_i32907
_mD
_si
999 _c27824
_d27824